Green Day Lyrics - Chain Saw (Demo) - Statistics

General Stats
  • This quiz has been taken 7 times
  • The average score is 103 of 194
Answer Stats
Chain Saw % Correct
Chainsaw
83%
Oh,
83%
oh
83%
oh-
83%
Texas
83%
do
67%
Do
67%
her
67%
here
67%
here,
67%
I
67%
in
67%
Massacre
67%
no
67%
She
67%
the
67%
to
67%
with
67%
woah-
67%
Woah-
67%
Woah,
67%
woah,
67%
woah
67%
you
67%
away
50%
baby
50%
back
50%
from
50%
get
50%
know?
50%
know
50%
me
50%
me,
50%
my
50%
never
50%
nothing
50%
of
50%
on
50%
only
50%
she'll
50%
She'll
50%
Sitting
50%
so
50%
thinkin'
50%
thinking
50%
Took
50%
When
50%
alive
33%
corner
33%
don't
33%
girl
33%
I'm
33%
I've
33%
love?
33%
saw
33%
that
33%
told
33%
Yeah-
33%
Yeah,
33%
care,
17%
'Cause
17%
ever
17%
much
17%
she's
17%
No matching quizzes found
Score Distribution
Percent of People with Each Score
Percentile by Number Answered
Your Score History
You have not taken this quiz